[Event "36th Zalakaros Festival 2017"]
[Site "Zalakaros"]
[Date "2017.05.18"]
[Round "1"]
[White "Gazik, Viktor"]
[Black "Krstulovic, Alex"]
[Result "1-0"]
[WhiteElo "2449"]
[BlackElo "2280"]
[Annotator "TA"]
[PlyCount "83"]
[EventDate "2017.??.??"]
[EventType "swiss"]
[EventCountry "HUN"]
[SourceTitle "playchess.com"]
[Source "ChessBase"]
[SourceQuality "1"]

{[%evp 20,83,0,0,0,-48,-1,-20,0,-27,-16,-25,-12,-45,-60,-41,-3,-60,-67,-62,-10,-16,0,0,0,0,43,10,65,3,11,-11,-8,-11,-3,0,0,0,0,0,1,0,0,0,0,0,0,0,62,62,62,56,116,68,72,50,67,29,35,37,180,183,915,896,5550,5758]} 1. Nf3 d5 2. g3 Nf6 3. Bg2 c6 4. O-O Bg4 5. d3 e6 6. Nbd2 Nbd7 7. b3 Bd6 8. Bb2 O-O 9. Qe1 Qe7 {A07: Réti Opening: New York and Capablanca Systems} 10. a3 e5 11. e4 {LiveBook: 4 Games} a5 {The position is equal.} 12. Nh4 $146 (12. h3 $5 {[%cal Rh3g4]} Bxf3 13. Nxf3 $11) ({Predecessor:} 12. h3 Bxf3 13. Nxf3 dxe4 14. dxe4 Rfe8 15. Qe2 b5 16. a4 bxa4 17. Rxa4 {1-0 (52) Espig,L (2359)-Czarnota,D (2237) Pardubice 2006}) 12... Rae8 13. h3 Be6 14. Kh1 Nh5 15. Qe2 g6 16. Nf5 Bxf5 17. exf5 Qg5 (17... e4 $5 18. Qe3 (18. dxe4 Bxg3 19. Qd1 Be5 $17) 18... exd3 19. Qxd3 Qe2 $15) 18. Bf3 (18. fxg6 $11 fxg6 19. Qd1) 18... Ng7 $15 19. fxg6 hxg6 ({Better is} 19... Qxg6 $15 20. Bg2 e4 $1 {[%mdl 512]} 21. dxe4 f5) 20. c4 $11 Nf6 21. Bg2 Nf5 22. Nf3 Qh5 (22... Qxg3 $2 23. Qd2 $18) 23. cxd5 cxd5 (23... Nxd5 $11 24. g4 Nf4) 24. Rae1 (24. Kg1 $14) 24... Re6 25. Kg1 ({But not} 25. Bxe5 Bxe5 26. Nxe5 Qxe2 $15) 25... e4 26. dxe4 dxe4 27. Nd4 Nxd4 28. Qxh5 Nxh5 29. Bxd4 f5 30. a4 Bb4 31. Rc1 Rd8 32. Be3 $36 {[%mdl 2048] White has the initiative.} Rd3 {Strongly threatening ...Nxg3!} 33. Bg5 Rc6 (33... Be7 $11 34. h4 Bxg5 35. hxg5 Rxb3) 34. Rxc6 $14 bxc6 35. Rc1 Rxb3 ({Black should play} 35... e3 $14 36. fxe3 (36. Bxe3 Nxg3 37. Rxc6 Ne2+ 38. Kf1 Ng3+ 39. Kg1 Ne2+ 40. Kf1 Ng3+ 41. fxg3 Rxe3 $16) 36... Nxg3 37. Rxc6 Kf7) 36. Rxc6 Rb1+ 37. Bf1 f4 $1 38. gxf4 {Hoping for Kg2.} e3 $1 {[%cal Re3e2] ( -> ...e2)} 39. Rc2 Bc5 {[#]} (39... Ra1 $14) 40. Kg2 $1 $18 (40. Rxc5 {is a self mate.} e2 41. Rc8+ Kh7 42. Rc7+ Ng7 43. Kg2 exf1=Q+ 44. Kf3 Qxh3+ 45. Ke4 Rb4+ 46. Kd5 Qe6+ 47. Kc5 Qb6+ 48. Kd5 Qd4+ 49. Kc6 Rb6#) 40... exf2 $2 (40... Bb6 41. Bd3 Rb4) 41. Rxc5 Rxf1 42. Rc8+ {Precision: White = 49%, Black = 41%.} ({Less strong is} 42. Kxf1 Ng3+ 43. Kxf2 Ne4+ 44. Kf3 Nxc5 $16) 1-0

[Event "36th Zalakaros Festival 2017"]
[Site "Zalakaros"]
[Date "2017.05.18"]
[Round "1"]
[White "Swayams, Mishra"]
[Black "Horvath, Dominik"]
[Result "0-1"]
[WhiteElo "2448"]
[BlackElo "2275"]
[Annotator "TA"]
[PlyCount "170"]
[EventDate "2017.??.??"]
[EventType "swiss"]
[EventCountry "HUN"]
[SourceTitle "playchess.com"]
[Source "ChessBase"]
[SourceQuality "1"]

{[%evp 15,170,15,26,-27,-30,-24,-29,-38,-28,-52,22,-11,0,-23,-20,-21,-29,-57,-48,-15,52,-173,0,0,0,-33,-35,-66,-64,-90,-67,-47,-39,-141,-139,-166,-22,-491,-477,-515,-514,-512,-486,-457,-313,-310,-305,-301,-289,-392,-350,-363,-352,-405,-370,-400,-375,-399,-380,-391,-387,-494,-443,-469,-446,-531,-522,-590,0,-443,-432,-440,-396,-566,-433,-425,-414,-487,-444,-434,-431,-451,-450,-449,-425,-452,-418,-404,-359,-343,0,-358,-366,-343,-322,-429,-422,-395,-376,-435,-427,-433,-414,-425,-422,-570,-441,-568,-560,-532,-531,-578,-573,-543,-535,-633,-627,-627,-627,-605,-573,-640,-636,-643,-641,-627,-630,-635,-620,-753,-739,-952,-926,-1583,-1343,-12844,-693,-12845,-12845,-29988,-29989,-29989,-29990,-29990,-29987,-29987,-29988,-29989,-29987,-29987,-29988,-29997,-29989,-29964,-12850,-12850,-166]} 1. d4 Nf6 2. c4 e6 3. Nf3 d5 4. Nc3 Bb4 5. Qa4+ Nc6 6. Bd2 O-O 7. e3 dxc4 {D38: Queen's Gambit Declined: Ragozin Defence (4 Nf3 Bb4)} 8. Bxc4 Bd6 {LiveBook: 102 Games} 9. e4 (9. Qc2 $142) 9... e5 $11 {Black has an edge.} 10. dxe5 Nxe5 11. Nxe5 Bxe5 12. O-O-O Qe8 $146 (12... Ng4 $15 13. Rhf1 c6) ({Predecessor:} 12... c6 13. Qc2 Qd4 14. Ne2 Qxf2 15. Rhf1 Qxg2 {0-1 (33) Gagunashvili,M (2599)-Kayumov,D (2463) Dubai 2011}) 13. Qc2 (13. Qxe8 {is interesting.} Rxe8 14. f3 a6 15. Ne2 c6 16. Kb1) 13... Be6 14. Bd3 Ng4 15. Rhf1 Nxh2 (15... Bxh2 $6 16. g3 $16) 16. Rh1 Ng4 $36 {[%mdl 2048] Black fights for an advantage.} 17. f4 Bxc3 (17... Bd4 $11) 18. Qxc3 $2 (18. Bxc3 $14 {was forced to keep a grip.} Ne3 19. Qe2 Nxd1 20. Qxd1) 18... f5 $2 (18... Bxa2 19. Be1 $17) (18... Nf2 $19 19. Bc2 Bg4) 19. exf5 Bxf5 {...Nf2 is the strong threat.} 20. Rde1 Qg6 21. Bc4+ Kh8 22. Re7 Rad8 {White must now prevent ...Nf2.} 23. Rhe1 $1 Nf6 {aiming for ...Ne4.} 24. Be3 (24. Qf3 $1 $15) 24... b5 ({Not} 24... Qxg2 25. Rg1 $16) 25. Bb3 Ne4 ({Wrong is} 25... Qxg2 $2 26. Rg1 $18) (25... c5 $19 {Strongly threatening ...b4.} 26. Bxc5 Rc8) 26. Rxe4 $2 {[%mdl 8192]} (26. Qe5 $11 Rd6 27. Bd4 Rc6+ 28. Bc3 Nxc3 29. bxc3) 26... Bxe4 $19 27. Bd4 {Threatening Rxe4!} Rxf4 28. Be5 Rg4 29. g3 Qc6 30. Qxc6 Bxc6 31. Bxc7 Re8 32. Rd1 Rge4 33. Ba5 Re2 34. a3 Be4 35. Rd7 {Threatens to win with Bc3.} Rf8 36. Bd1 Rg2 37. Re7 Bf5 38. Re3 h6 39. Bc3 Rd8 40. Be1 Rc8+ 41. Bc3 Rd8 $2 ({Better is} 41... a5 $19 42. g4 Bxg4) 42. Re5 $2 {[%mdl 8192]} (42. Be1 $1 $11 {and White stays safe.} Rc8+ 43. Bc3) 42... Bg6 43. g4 Rg1 {[%csl Gd8][%cal Rg1d1]} 44. Bd2 (44. Re1 $142 Rxe1 45. Bxe1) 44... Bd3 45. Ba5 Rd7 46. Be1 Rg2 47. Bc3 Kh7 48. Re6 Bg6 49. Re5 a6 50. Re1 Rh2 51. Bb3 Rd3 52. Bd1 Rd7 53. Bb3 $1 h5 54. gxh5 Rxh5 55. Be6 Rd6 56. Bb3 Bf5 57. Bd1 Rh2 58. Rf1 Be4 59. Re1 Rh1 60. Rxe4 Rhxd1+ {[%mdl 4096] Endgame KRR-KRB} 61. Kc2 R1d5 62. Re7 Rd7 63. Re6 R5d6 64. Re5 Kh6 65. Re1 g5 66. Rh1+ Kg6 67. Rg1 Rf7 68. Kb3 Rf4 69. Be5 Rd3+ 70. Kc2 Rff3 71. Bf4 Rd5 72. Bc1 a5 {[%cal Ba6a5,Ba5b4,Bb4b3][%mdl 32]} 73. Kb1 b4 74. axb4 axb4 75. Ka2 Ra5+ 76. Kb1 b3 77. Rg4 Rf1 78. Rc4 Rd5 79. Rc6+ Kh5 80. Rc3 Rdd1 81. Rc5 Kh4 82. Rc8 g4 83. Rh8+ Kg3 {[%csl Gf1][%cal Rd1c1]} 84. Rc8 {[#]} Rxc1+ $1 85. Rxc1 Rxc1+ {Precision: White = 31%, Black = 62%.} 0-1

[Event "36th Zalakaros Festival 2017"]
[Site "Zalakaros"]
[Date "2017.05.18"]
[Round "1"]
[White "Nagy, Gabor"]
[Black "Sankalp Gupta"]
[Result "1/2-1/2"]
[WhiteElo "2446"]
[BlackElo "2269"]
[Annotator "TA"]
[PlyCount "59"]
[EventDate "2017.??.??"]
[EventType "swiss"]
[EventCountry "HUN"]
[SourceTitle "playchess.com"]
[Source "ChessBase"]
[SourceQuality "1"]

{[%evp 17,59,12,17,12,9,0,0,0,0,0,-4,-3,10,4,13,12,8,16,36,36,43,32,62,49,81,21,27,8,6,4,18,0,12,0,0,-8,-7,-12,0,-11,0,-6,0,0]} 1. Nf3 Nf6 2. c4 g6 3. Nc3 d5 4. cxd5 Nxd5 5. Qb3 Nb6 6. d4 Bg7 7. Bf4 O-O 8. Rd1 c6 {D90: Grünfeld: 4 Nf3 Bg7 sidelines} 9. e3 Be6 {LiveBook: 3 Games} 10. Qc2 Nd5 (10... N8d7 11. Ng5 Bc4 12. Bxc4 Nxc4 13. Qe2 Nd6 14. O-O h6 15. Nf3 Qa5 16. e4 {½-½ (75) Khismatullin,D (2617)-Matinian,N (2495) Sochi 2016}) 11. Be5 Qa5 12. Bxg7 Kxg7 13. a3 Nd7 14. Be2 $146 ({Predecessor:} 14. Qd2 Nxc3 15. Rc1 Nf6 16. Qxc3 Qxc3+ 17. Rxc3 Ne4 18. Rc1 Rfc8 19. Bd3 Bd5 20. Ke2 Nd6 21. Rhg1 Re8 {½-½ (21) Alatortsev,V-Navarovszky,L Tbilisi 1965}) 14... N7b6 15. Ng5 Bd7 {[#] White must now prevent ...Nxc3.} 16. Nge4 Nxc3 17. Nxc3 Rac8 18. O-O c5 19. Qe4 cxd4 20. Qxd4+ Kg8 {[#]} 21. Qh4 (21. Qe4 $1 $16) 21... Qe5 $11 22. Rd4 Bc6 {The position is equal.} 23. Rfd1 Kg7 24. Qh3 Rc7 25. Rh4 Rh8 $1 26. Bf3 Bd7 27. Bg4 Bc6 28. Bf3 Bd7 29. Bg4 Bc6 30. Bf3 {Precision: White = 50%, Black = 51%.} 1/2-1/2

[Event "36th Zalakaros Festival 2017"]
[Site "Zalakaros"]
[Date "2017.05.18"]
[Round "1"]
[White "Munkhgal, Gombosuren"]
[Black "Varga, Klara"]
[Result "1-0"]
[WhiteElo "2445"]
[BlackElo "2240"]
[Annotator "TA"]
[PlyCount "83"]
[EventDate "2017.??.??"]
[EventType "swiss"]
[EventCountry "HUN"]
[SourceTitle "playchess.com"]
[Source "ChessBase"]
[SourceQuality "1"]

{[%evp 14,83,20,31,20,22,41,45,127,105,221,219,221,89,168,168,164,168,173,181,167,168,310,300,356,64,426,406,412,400,627,126,128,125,139,133,135,136,138,116,104,108,127,122,225,220,217,217,217,213,285,283,283,276,239,273,270,250,357,346,670,447,660,630,773,771,762,742,750,696,602,588]} 1. d4 e6 2. c4 Nf6 3. Nc3 Bb4 4. Qc2 d5 5. cxd5 exd5 6. Bg5 c6 7. e3 h6 {E35: Nimzo-Indian: Classical: 4...d5 5 cxd5 exd5} 8. Bh4 {LiveBook: 13 Games} O-O 9. Bd3 c5 {The position is equal.} 10. dxc5 $146 ({Predecessor:} 10. a3 Bxc3+ 11. Qxc3 c4 12. Bc2 Nc6 13. Ne2 b5 14. Qd2 Be6 15. Nc3 Rb8 {0-1 (42) Bareev,E (2310)-Kuzmin,G (2520) Togliatti 1985}) 10... d4 (10... Be6 $14) 11. O-O-O $16 g5 (11... dxc3 $2 12. Bh7+ $1 {[%mdl 512]} Kh8 13. Rxd8 $18) (11... Nc6 $16) 12. Bc4 $18 Kg7 13. Rxd4 (13. Bg3 $1 $18) 13... Qe7 (13... Qa5 $16 {is a better defense.}) 14. Bg3 Bxc5 15. Rd2 $36 {[%mdl 2048] Black is under strong pressure.} Nc6 16. h4 Nb4 17. Qb1 {aiming for a3.} b5 (17... g4 $142 18. a3 Nc6) 18. hxg5 (18. Nxb5 Ne4 $11) 18... hxg5 19. Bd5 $2 (19. Bxb5 Bg4 $18) (19. Nxb5 Qe4 $16) (19. a3 $18 bxc4 20. axb4 Bxb4 21. Rd5 $1 {[%mdl 512]}) 19... Bxe3 $2 {[%mdl 8192]} (19... Nbxd5 $14 20. Nxd5 Qe4) 20. fxe3 Nbxd5 21. Nxd5 Qc5+ (21... Qe4 $142 22. Nxf6 Qxb1+ 23. Kxb1 Kxf6) 22. Qc2 $2 (22. Kd1 $18 {is the precise move to win. Threatening mate with Be5.} Qc4 23. Nxf6 Qf1+ 24. Be1) 22... Qxc2+ $16 23. Kxc2 {Strongly threatening Be5.} Bf5+ 24. Kd1 $1 {Black must now prevent Be5.} Ne4 25. Be5+ f6 26. Bd4 Nxd2 27. Kxd2 Rac8 28. Ne2 Be6 (28... Rc2+ $16 {was worth a try.} 29. Kd1 Bd3) 29. Nxf6 $18 Rxf6 30. Rf1 $1 {[%cal Rf1f6]} (30. Bxf6+ $6 Kxf6 31. Nd4 Bf7 $16) 30... Rcf8 {[#]} 31. a3 $1 ({Less strong is} 31. Bxf6+ Rxf6 32. Rxf6 Kxf6 $14) 31... Bc4 32. Rxf6 ({Weaker is} 32. Bxf6+ Rxf6 33. Rxf6 Kxf6 $16) 32... Rxf6 {[%mdl 4096] Endgame [#] KRB-KBN} 33. e4 $1 ({Not} 33. Bxf6+ Kxf6 34. Nd4 Bf1 $16) 33... Kg6 {And now ...Rd6 would win.} 34. Bxf6 Kxf6 {KB-KN} 35. Nd4 Ke5 (35... a6 {might work better.} 36. b4 Kg6) 36. Ke3 a6 $2 (36... Kd6 37. Nf3 g4) 37. b4 {White is clearly winning.} Bf1 (37... Kd6 $142 38. Nf3 g4) 38. g3 Bg2 39. Nf3+ Kf6 40. Ne1 Bf1 41. Nd3 Bg2 42. Kd4 {Precision: White = 67%, Black = 19%.} 1-0

[Event "36th Zalakaros Festival 2017"]
[Site "Zalakaros"]
[Date "2017.05.18"]
[Round "1"]
[White "Ikeda, Junta"]
[Black "Szalanczy, Emil"]
[Result "1-0"]
[WhiteElo "2412"]
[BlackElo "2230"]
[Annotator "TA"]
[PlyCount "127"]
[EventDate "2017.??.??"]
[EventType "swiss"]
[EventCountry "HUN"]
[SourceTitle "playchess.com"]
[Source "ChessBase"]
[SourceQuality "1"]

{[%evp 18,127,40,42,48,48,56,45,58,41,48,36,56,45,105,85,105,74,79,68,81,70,65,22,121,112,134,119,141,132,149,132,126,70,83,66,75,-83,-91,-77,-79,-75,-85,-81,-77,-71,-6,-4,-6,-3,-1,-9,0,-2,0,-23,-12,-19,0,0,16,22,72,0,106,104,88,85,89,0,0,0,0,-35,-35,-35,-49,-91,-87,-96,-68,-744,-77,-93,0,-12,12,0,0,0,21,26,12,8,12,20,1241,1488,1589,1585,1539,1447,1377,1278,5398,5366,5370,5395,5011,4960,29984,707]} 1. Nf3 c5 2. c4 Nc6 3. Nc3 Nf6 4. g3 g6 5. Bg2 Bg7 6. O-O O-O 7. d4 cxd4 8. Nxd4 Ng4 9. e3 d6 10. Nde2 Rb8 {A39: Symmetrical English vs ...g6: 4 Bg2 Bg7 5 Nf3 Nf6 6 0-0 0-0 7 d4} (10... Qa5 11. Nd5 Qc5 12. Nd4 Nge5 13. b3 Bg4 14. f3 Bd7 15. Bb2 e6 16. Nc3 Qb4 17. Rf2 a6 18. Rd2 Rac8 {½-½ (57) Drozdovskij,Y (2627)-Grigoriants,S (2562) Rijeka 2010}) 11. h3 $146 ({Predecessor:} 11. b3 Qa5 12. Bd2 Qc5 13. h3 Nge5 14. Na4 Qa3 15. Nec3 Nxc4 16. bxc4 Bf5 17. Qb3 Qb4 18. Qxb4 Nxb4 {1-0 (29) Vitouch,A (2314)-Beck,H (2362) Austria 2015}) 11... Nge5 12. b3 a6 {White is slightly better.} 13. Rb1 Nb4 14. f4 Ned3 15. Bd2 a5 (15... e5 $14) 16. a3 $36 {[%mdl 2048] Keeping Black busy.} Na6 17. Qc2 Ndc5 18. b4 axb4 19. axb4 Nd7 20. Qd3 Nf6 (20... Nb6 $11 {remains equal.}) 21. e4 Bd7 22. Be3 Nc7 23. Bb6 Qc8 24. g4 Ra8 25. c5 ({White should try} 25. f5 $16) 25... Ra3 $1 $14 26. cxd6 (26. Qd2 {is more complex.} Na8 27. Ba5 dxc5 28. Qc1 Rxc3 29. Nxc3 b6 30. e5) 26... exd6 27. Qc4 $2 (27. Qxd6 $16 {keeps the pressure on.} Nb5 28. Nxb5 Bxb5 29. e5 Nxg4 30. Rfc1) 27... Nb5 $1 $17 28. Qxc8 Rxc8 29. Nxb5 Bxb5 30. Rfe1 Nd7 31. Bd4 Bxe2 (31... Bd3 $17 32. Rb2 Bxe2 33. Bxg7 Bxg4 34. hxg4 Kxg7) 32. Bxg7 $11 Kxg7 33. Rxe2 Rd3 34. Rbb2 Rc1+ 35. Kf2 Rcd1 (35... g5 $5 {[%cal Rg5f4]}) 36. Rbc2 Nf8 {Black wants to play ...Ne6.} 37. f5 Rd4 38. b5 b6 39. Rc7 h6 40. Rb7 (40. Kg3 $16) 40... Kf6 (40... Rb1 $1 $11 {keeps the balance.}) 41. h4 {[%cal Bh3h4,Bh4h5][%mdl 32]} ({Much worse is} 41. Rxb6 $6 Nd7 $11) 41... g5 42. h5 ({Stronger than} 42. Rxb6 Nd7 $17) 42... Nh7 43. Rxb6 ({Better is} 43. Bf3 $1 $16) 43... Ke5 44. Rb7 Nf6 45. Kg3 {[%cal Rb7e7]} R4d3+ {[%mdl 1024] Black has compensation.} 46. Bf3 Rg1+ 47. Kf2 Rb1 {Strongly threatening ...Kf4.} 48. Kg3 ({Don't blunder} 48. Rxf7 $2 Rbb3 $19) 48... Rbb3 $1 49. Re7+ Kd4 50. Rf2 Rxb5 (50... Re3 $1 $17 {[%cal Rf6e4]} 51. Kg2 Nxg4 52. Bxg4 Rg3+ 53. Kh2 Rxg4) 51. Kg2 Re5 52. Rxf7 Nxe4 53. Re2 Nd2 54. Rxe5 Kxe5 {[%mdl 4096] Endgame KRB-KRN} 55. Be2 Rb3 56. Re7+ Kf4 $2 {[%mdl 8192]} (56... Kd4 $11) 57. f6 $18 {[%cal Bf5f6,Bf6f7][%mdl 32]} Rb8 58. f7 Rf8 {[#]} 59. Bd3 $1 {[%cal Rd3g6]} d5 {[#]} 60. Bg6 $1 Kxg4 61. Re8 Rxf7 62. Bxf7 d4 63. Re2 Nf3 64. Re4+ {Precision: White = 70%, Black = 43%.} 1-0

[Event "36th Zalakaros Festival 2017"]
[Site "Zalakaros"]
[Date "2017.05.18"]
[Round "1"]
[White "Kozak, Adam"]
[Black "Hardicsay, Peter"]
[Result "1-0"]
[WhiteElo "2411"]
[BlackElo "2218"]
[Annotator "TA"]
[PlyCount "97"]
[EventDate "2017.??.??"]
[EventType "swiss"]
[EventCountry "HUN"]
[SourceTitle "playchess.com"]
[Source "ChessBase"]
[SourceQuality "1"]

{[%evp 15,97,-22,0,-19,-19,-15,-12,-25,-22,-18,-26,-22,0,-12,67,55,51,34,46,40,35,25,16,8,12,15,19,15,37,33,162,163,323,278,342,191,193,177,197,169,179,173,194,186,220,221,254,250,246,222,205,231,280,265,295,295,301,302,343,346,352,341,380,356,350,344,358,306,416,383,434,378,463,436,548,543,580,566,596,591,1662,1529,1904,1871]} 1. Nf3 c5 2. c4 Nf6 3. g3 b6 4. Bg2 Bb7 5. O-O g6 6. Nc3 Bg7 7. d3 O-O 8. Bd2 Nc6 9. Rb1 {A30: Symmetrical English: Double Fianchetto and Hedgehog} (9. Ne5 $5) (9. Ne5 Qc7 10. Nxc6 Bxc6 11. e4 e6 12. Bf4 d6 13. Qd2 a6 14. a4 Rab8 15. Rfb1 Nh5 16. Be3 f5 {0-1 (63) Ftacnik,L (2555)-Ponomariov,R (2710) Czech Republic 2016}) 9... d5 10. cxd5 Nxd5 11. Re1 $146 {The position is equal.} ({Predecessor:} 11. a3 Rc8 12. Qa4 a6 13. Rfc1 e6 14. Qd1 Qd7 15. Na4 Nd4 16. e4 Bc6 17. b3 Nxb3 18. Nxb6 Nxb6 19. Qxb3 Na4 20. Bf4 Bb5 21. Bf1 Rfd8 22. Ne5 Qe7 23. Nf3 h6 24. Be5 Bxe5 25. Nxe5 Qd6 {½-½ (25) Stany,G (2385)-Swayams,M (2444) Sautron 2015}) 11... Rc8 12. Qa4 e6 13. Rbc1 h6 14. a3 Qe7 (14... a6 $11) 15. Nxd5 $1 $14 exd5 16. b4 $1 Ba8 17. bxc5 bxc5 18. Qb5 Nd8 19. d4 {[%cal Rc1c5]} Ne6 20. dxc5 Bc6 21. Qa5 Rfd8 22. e3 $36 {[%mdl 2048] White is more active.} Ba8 (22... d4 $1 $14) 23. Nd4 $1 $18 Ng5 $2 {[#]} (23... h5 {was called for.} 24. Bh3 Re8) 24. Bb4 Bc6 25. Qa6 (25. Nxc6 $142 Rxc6 26. Rcd1) 25... Bxd4 26. exd4 Qf6 27. Qd3 ({Much less strong is} 27. Qxa7 $6 Qxd4 28. Qe7 Re8 $16) 27... Re8 28. Bd2 {[%cal Bb4d2,Bd2e3,Be3f4,Bf4e5][%mdl 32]} Ne4 29. Be3 h5 30. h4 Qf5 31. Bf4 Qd7 32. Be5 f6 33. Bf4 {aiming for f3.} ({Don't go for} 33. Bxe4 $2 dxe4 34. Rxe4 Bxe4 $19) 33... Bb5 34. Qc2 f5 35. f3 Nf6 36. Qd2 Qf7 37. Bd6 Kh7 38. Rb1 Bc6 39. Bf1 {[%cal Bg2f1,Bf1a6,Ba6c8][%mdl 32]} Rxe1 40. Rxe1 {[#] Hoping for Re7.} ({Don't do} 40. Qxe1 Ne8) 40... Re8 41. Ba6 Re6 42. Kf2 Ne8 43. Be5 Nf6 44. Qa5 {White is clearly winning.} Nd7 45. Qc7 Kg8 46. Bc8 Qe8 47. Rb1 Rxe5 48. dxe5 Nxe5 49. Ba6 {Precision: White = 76%, Black = 22%.} 1-0

[Event "36th Zalakaros Festival 2017"]
[Site "Zalakaros"]
[Date "2017.05.18"]
[Round "1"]
[White "Manea, Alexandru"]
[Black "Havanecz, Bianka"]
[Result "1-0"]
[WhiteElo "2410"]
[BlackElo "2210"]
[Annotator "TA"]
[PlyCount "61"]
[EventDate "2017.??.??"]
[EventType "swiss"]
[EventCountry "HUN"]
[SourceTitle "playchess.com"]
[Source "ChessBase"]
[SourceQuality "1"]

{[%evp 21,61,23,37,13,50,50,95,90,111,75,113,97,127,108,137,72,62,73,312,62,275,130,408,401,370,386,393,372,612,581,588,466,1294,1287,1291,1255,29987,29988,29988,29986,29991,29992]} 1. c4 c5 2. Nc3 Nc6 3. Nf3 g6 4. e3 Nf6 5. d4 cxd4 6. exd4 d5 7. cxd5 Nxd5 8. Bc4 Nxc3 9. Qb3 e6 10. bxc3 Bd7 11. Bd3 {A35: Symmetrical English: 2 Nc3 Nc6 3 Nf3} (11. Be2 Qc7 12. Ba3 Na5 13. Qb2 Rc8 14. Bxf8 Kxf8 15. Rc1 Bc6 16. O-O Bxf3 17. Bxf3 Kg7 18. Rfe1 Rhd8 {1-0 (35) Schreiner,P (2452)-Agopov,M (2435) Warsaw 2013}) 11... Na5 {LiveBook: 3 Games} 12. Qd1 Qc7 13. O-O {White is slightly better.} Bd6 $146 ({Predecessor:} 13... Qxc3 14. Bf4 Bg7 15. Rc1 Qa3 16. Rc7 Rc8 17. Rxc8+ Bxc8 18. Bb5+ {0-1 (88) Van Riesen,K (2118)-Weber,B (2154) Germany 2004}) 14. Bh6 {[%cal Bc1h6,Bh6g7,Bg7f6][%mdl 32]} O-O-O 15. Bg7 Rhg8 16. Bf6 Rdf8 17. c4 Bc6 18. Rc1 ({White should play} 18. Ne5) 18... Bxf3 $16 19. Qxf3 Bxh2+ 20. Kh1 Bf4 $2 {[#]} (20... Qf4 $14) 21. Rc2 (21. Rb1 $18) 21... g5 $2 {[%mdl 8192]} (21... e5 $16 {is a better defense.}) 22. g3 $18 Bd6 23. c5 Be7 {[#] Hoping for ...g4.} 24. Be5 Qd7 $2 (24... Qc6 25. d5 Qxd5 26. Qxd5 exd5) 25. c6 Nxc6 26. Be4 Kd8 (26... f6 $142) 27. Rxc6 bxc6 28. Bxc6 Qc8 29. Qc3 {White mates.} Bb4 30. Bf6+ Kc7 31. Qxb4 {Precision: White = 63%, Black = 29%.} 1-0

[Event "36th Zalakaros Festival 2017"]
[Site "Zalakaros"]
[Date "2017.05.18"]
[Round "1"]
[White "Cuhendi, Sean Winshand"]
[Black "Csiki, Endre"]
[Result "1-0"]
[WhiteElo "2407"]
[BlackElo "2200"]
[Annotator "TA"]
[PlyCount "55"]
[EventDate "2017.??.??"]
[EventType "swiss"]
[EventCountry "HUN"]
[SourceTitle "playchess.com"]
[Source "ChessBase"]
[SourceQuality "1"]

{[%evp 16,55,6,7,27,-51,7,0,0,0,0,0,0,0,0,0,0,0,19,0,66,58,63,56,45,40,47,54,47,52,71,58,103,68,97,21,235,239,29997,29998,29998,29999]} 1. e4 e6 2. Qe2 c5 3. g3 Nc6 4. c3 d5 5. exd5 Qxd5 6. Nf3 {C00: French: Unusual White 2nd moves} Nf6 7. Bg2 Be7 8. O-O O-O 9. Na3 {LiveBook: 3 Games} e5 10. Ng5 $146 ({White should play} 10. d3 $1 $11) ({Predecessor:} 10. Ne1 Bg4 11. f3 Be6 12. f4 e4 {½-½ (31) Wang,C (2513)-Wang,Y (2717) China 2014}) 10... Qd7 (10... Bg4 $15 11. f3 Bh5) 11. d3 Qc7 12. Nc4 Bg4 {[%cal Bc8g4,Bg4h5,Bh5g6][%mdl 32]} 13. f3 Bh5 14. g4 Bg6 15. f4 exf4 $1 16. Bxf4 Qd8 17. Ne4 Nxe4 (17... Qd7 $11) 18. dxe4 $14 Qd7 19. Rad1 $36 {[%mdl 2048] White is pushing.} Qe6 20. Nd6 (20. e5 $5 {[%cal Rg2d5]}) 20... Ne5 21. Nf5 Rad8 22. Rd5 Nc6 23. Qc4 b6 24. Rfd1 Bf6 25. g5 ({Better is} 25. Qf1 $16) 25... Be5 $2 {[#]} (25... Rxd5 $1 $11 {and Black stays safe.} 26. exd5 Qxf5 27. gxf6 Ne5 28. Bxe5 Qxe5) 26. Rxd8 $1 $18 Qxc4 $2 {[#]} (26... Bxf4 $18 27. Qxe6 fxe6 28. Rxf8+ Kxf8) 27. Ne7+ $1 {[%mdl 512]} Nxe7 28. Rxf8+ {Precision: White = 61%, Black = 35%.} 1-0